Calculus and statistics

Αποθηκεύτηκε σε:
Λεπτομέρειες βιβλιογραφικής εγγραφής
Κύριος συγγραφέας: Gemignani, Michael C.
Μορφή: Βιβλίο
Γλώσσα:English
Δημοσίευση: New York : Dover, c1998
Θέματα:
Ετικέτες: Προσθήκη ετικέτας
Δεν υπάρχουν, Καταχωρήστε ετικέτα πρώτοι!

MARC

LEADER 00000nam a2200000 i 4500
001 1/24600
008 130117s1998 eng d
020 |a 0-486-44993-9 
035 |l 10113482 
040 |a GR-MY-UA  |b gre  |e aacr 
041 0 |a eng 
082 0 |a 515  |2 (22) 
100 1 |a Gemignani, Michael C. 
245 1 0 |a Calculus and statistics /  |c Michael C. Gemignani 
260 |a New York :   |b Dover,   |c c1998 
300 |a ix, 353 σ.;  |b διαγρ., πίν.;  |c 22 εκ. 
504 |a Ευρετήρια: σ.349-353 
650 0 0 |a Calculus. 
650 0 0 |a Statistics. 
852 |a INST  |b CHIOS  |e 20130117  |h 515 GEM  |p 005200035582  |q 005200035582  |t BK  |y 0 
901 |a BIBL2-2013-1 
909 |a Χ  |b 177216 
922 |a 2ΕΛΗ  |b 201210  |c ΤΑΚ/ΤΜΟΔ  |d ΙΩΑΝΝΙΔΟΥ 
970 |a ΣΠΕΝΤΖΑ  |b ΕΛΕΝΗ  |z 2013/01/17